000 01047nam a22003137a 4500
001 7747
003 FISKH
005 20250805080441.0
008 250805b cb ||||| |||| 00| 0 eng d
020 _a9780064450263
040 _aDLC
_cDLC
_dDLC
_beng
050 _aSB191.M2 A584
082 _a 633
100 0 _aAliki.
_d(1929-)
245 1 0 _aCorn is maize :
_bthe gift of the Indians /
_cWritten and illustrated by Aliki.
250 _aThis edition first published in 1976
260 _aNew York :
_bHarperCollins,
_c1976.
300 _a33 pages :
_bcolor illustrations ;
_c21 x 23 cm.
490 0 _aLet's-read-and-find-out science books
505 _aN
520 _aA simple description of how corn was discovered and used by the Indians and how it came to be an important food throughout the world.
521 8 _a570
_bLexile
521 8 _aN
_bRaz-Plus
650 0 _aCorn
_xJuvenile literature.
650 0 _aIndians
_xFood
_xJuvenile literature.
700 _aAliki
_dillustrator
942 _2ddc
_cBK
_n0
999 _c7747
_d7747